| 000 | 00356nam a22001457a 4500 | ||
|---|---|---|---|
| 020 | _a9780256125405 | ||
| 040 | _cNust | ||
| 082 |
_a658 _bDON |
||
| 100 |
_aDonnelly _9127379 |
||
| 245 | _aFundamentals of management | ||
| 250 | _a9th edition | ||
| 260 |
_aChicago: _bIRWIN, _c1995. |
||
| 650 |
_aFundamentals of management _9127380 |
||
| 942 |
_2ddc _cBK |
||
| 999 |
_c612516 _d612516 |
||